| 000 | 01553cam a2200361 i 4500 | ||
|---|---|---|---|
| 999 |
_c200444091 _d62303 |
||
| 001 | 200444091 | ||
| 003 | TR-AnTOB | ||
| 005 | 20220808092308.0 | ||
| 007 | ta | ||
| 008 | 880907s1926 tu 000 0 fre d | ||
| 035 | _a(OCoLC)66289446 | ||
| 035 | _a(TR-AnTOB)200444091 | ||
| 040 |
_aEYM _beng _erda _cEYM _dUA@ _dOCLCF _dOCLCO _dOCLCQ _dHMZ _dTR-AnTOB |
||
| 041 | 1 |
_afre _htur |
|
| 043 | _aa-tu--- | ||
| 050 | 1 | 4 |
_aQL633.T9 _bD4814 1926 |
| 090 |
_aQL633.T9 _bD4814 1926 |
||
| 100 | 1 |
_aDevedjian, Karekin _eauthor _9133028 |
|
| 240 | 1 | 0 |
_aBaluk ve balukchiluk. _lFrench |
| 245 | 1 | 0 |
_aPêche et pêcheries en Turquie / _cpar Karekin Devedjlan. |
| 264 | 1 |
_aConstantinople : _bImprimerie de l'Administration de la Dette Publique Ottomane, _c1926. |
|
| 300 |
_avii, 480 pages : _billustrations ; _c27 cm + _esupplement (169 pages ; 28 cm. |
||
| 336 |
_atext _btxt _2rdacontent |
||
| 337 |
_aunmediated _bn _2rdamedia |
||
| 338 |
_2rdacarrier _avolume _bnc |
||
| 500 | _aTranslation. | ||
| 650 | 0 |
_aFishes _zTurkey _9133029 |
|
| 650 | 0 |
_aFisheries _zTurkey _937337 |
|
| 776 | 0 | 8 |
_iOnline version: _aDevedjian, Karekin. _sBaluk ve balukchiluk. French. _tPêche et pêcheries en Turquie. _dConstantinople : Imprimerie de l'Administration de la Dette Publique Ottomane, 1926 _w(OCoLC)564648817 |
| 776 | 0 | 8 |
_iOnline version: _aDevedjian, Karekin. _sBaluk ve balukchiluk. French. _tPêche et pêcheries en Turquie. _dConstantinople : Imprimerie de l'Administration de la Dette Publique Ottomane, 1926 _w(OCoLC)607912377 |
| 942 |
_2lcc _cBK |
||